[Event "Liechtenstein Seniors op 08th"]
[Site "Triesen"]
[Date "2008.04.30"]
[Round "6"]
[White "Hajenius, Willem"]
[Black "Dinser, Hans"]
[Result "1-0"]
[WhiteElo "2020"]
[BlackElo "1889"]
[PlyCount "75"]
[EventDate "2008.04.25"]
[EventType "swiss"]
[EventRounds "9"]
[EventCountry "LIE"]
[SourceTitle "CBM 124 Extra"]
[Source "ChessBase"]
[SourceDate "2008.07.03"]
[SourceVersion "1"]
[SourceVersionDate "2008.07.03"]
[SourceQuality "1"]

1. d4 d5 2. c4 Bf5 3. cxd5 Bxb1 4. Rxb1 Qxd5 5. a3 Nc6 6. Nf3 Nf6 7. Bf4 Qa5+ 8. b4 Qf5 9. e3 e5 10. Bxe5 Nxe5 11. Nxe5 Bd6 12. Bd3 Qg5 13. Qf3 Bxe5 14. dxe5 Qxe5 15. 0-0 0-0 16. Qxb7 Qc3 17. Qa6 Qe5 18. Be2 Qd6 19. Rfc1 Qe5 20. Bf3 Rad8 21. Qxa7 Rd7 22. Rc5 Qd6 23. Qa4 Rfd8 24. h3 h6 25. Rbc1 Qe7 26. Qa5 Ne8 27. Qa4 Nf6 28. Qb3 Rd3 29. R1c3 Rxc3 30. Qxc3 Ne8 31. a4 Rd7 32. a5 Nf6 33. a6 Ne4 34. Bxe4 Qxe4 35. Rxc7 Rd1+ 36. Kh2 Rd3 37. Qc5 Rd5 38. Rc8+ 1-0

[Event "Bad Woerishofen Seniors op 24th"]
[Site "Bad Woerishofen"]
[Date "2008.03.06"]
[Round "8"]
[White "Aigner, Georg"]
[Black "Dinser, Hans"]
[Result "1-0"]
[WhiteElo "1834"]
[BlackElo "1683"]
[PlyCount "75"]
[EventDate "2008.02.28"]
[EventType "swiss"]
[EventRounds "9"]
[EventCountry "GER"]
[SourceTitle "EXT 2022"]
[Source "ChessBase"]
[SourceDate "2021.10.06"]
[SourceVersion "1"]
[SourceVersionDate "2021.10.06"]
[SourceQuality "1"]

1. e4 c5 2. Nf3 d6 3. Nc3 Nc6 4. d4 cxd4 5. Nxd4 Nf6 6. Be2 g6 7. 0-0 Bg7 8. Be3 0-0 9. f4 e6 10. Ndb5 Ne8 11. e5 f5 12. Nxd6 Nxd6 13. Qxd6 Qxd6 14. exd6 Bd7 15. Nb5 h5 16. Nc7 Rac8 17. Bc4 Kf7 18. c3 Bf6 19. Bc5 Rh8 20. Rfe1 Nd8 21. Bxa7 h4 22. h3 g5 23. fxg5 Bxg5 24. Re5 Kg6 25. Bd4 Rh7 26. Bxe6 Bxe6 27. Nxe6 Nc6 28. Nxg5 Kxg5 29. Be3+ Kf6 30. Rd5 Rd8 31. Rf1 Rh5 32. Rf4 Ke6 33. Rb5 Rd7 34. Bc5 Ne5 35. Bd4 Nc6 36. Bf2 Rxd6 37. Rxh4 Rxh4 38. Bxh4 1-0

[Event "Bad Woerishofen Seniors op 24th"]
[Site "Bad Woerishofen"]
[Date "2008.02.28"]
[Round "1"]
[White "Dinser, Hans"]
[Black "Mittermaier, Walter"]
[Result "1/2-1/2"]
[WhiteElo "1683"]
[BlackElo "1977"]
[PlyCount "82"]
[EventDate "2008.02.28"]
[EventType "swiss"]
[EventRounds "9"]
[EventCountry "GER"]
[SourceTitle "EXT 2022"]
[Source "ChessBase"]
[SourceDate "2021.10.06"]
[SourceVersion "1"]
[SourceVersionDate "2021.10.06"]
[SourceQuality "1"]

1. d4 d5 2. c4 c6 3. Nc3 Nf6 4. Nf3 dxc4 5. a4 Bf5 6. Ne5 e6 7. Bg5 Bb4 8. Nxc4 h6 9. Bxf6 Qxf6 10. e3 0-0 11. Bd3 Qg6 12. Bxf5 Qxg2 13. Bh7+ Kxh7 14. Qd3+ g6 15. 0-0-0 Bxc3 16. Qxc3 Nd7 17. Qc2 Nf6 18. Ne5 Qe4 19. Qxe4 Nxe4 20. Rhf1 Nd6 21. f3 Nf5 22. Rde1 Rad8 23. f4 f6 24. Nd3 b6 25. Kc2 Rd7 26. Kc3 Rfd8 27. b4 Ra8 28. Re2 a5 29. Rb1 axb4+ 30. Rxb4 Ra6 31. e4 Ne7 32. Reb2 Rda7 33. Rxb6 Rxb6 34. Rxb6 f5 35. Nc5 fxe4 36. Rb7 Rxb7 37. Nxb7 Nd5+ 38. Kd2 e3+ 39. Kd3 e2 40. Kxe2 Nc3+ 41. Kd3 Nxa4 1/2-1/2

[Event "Chiemgau Seniors Cup 3th"]
[Site "Bergen"]
[Date "2007.10.26"]
[Round "5"]
[White "Schoerghuber, Barbara"]
[Black "Dinser, Hans"]
[Result "1/2-1/2"]
[WhiteElo "1563"]
[BlackElo "1659"]
[PlyCount "58"]
[EventDate "2007.10.22"]
[EventType "swiss"]
[EventRounds "9"]
[EventCountry "GER"]
[SourceTitle "EXT 2008"]
[Source "ChessBase"]
[SourceDate "2007.11.25"]
[SourceVersion "1"]
[SourceVersionDate "2007.11.25"]
[SourceQuality "1"]

1. d4 d5 2. e3 Nf6 3. Bd3 g6 4. Nd2 Bg7 5. f4 Bg4 6. Ngf3 Nbd7 7. 0-0 0-0 8. h3 Bxf3 9. Qxf3 e6 10. c3 c5 11. Re1 c4 12. Bc2 b5 13. e4 dxe4 14. Nxe4 Nxe4 15. Bxe4 Rb8 16. Bd2 Nf6 17. Rad1 a6 18. g4 Nxe4 19. Rxe4 Qd5 20. Qe2 Rbc8 21. Re1 a5 22. h4 a4 23. a3 Rc6 24. g5 Rcc8 25. h5 gxh5 26. Qxh5 Qf5 27. Qh2 Qg4+ 28. Qg2 Qxg2+ 29. Kxg2 Rcd8 1/2-1/2

[Event "Chiemgau Seniors Cup 3th"]
[Site "Bergen"]
[Date "2007.10.25"]
[Round "4"]
[White "Dinser, Hans"]
[Black "Wolf, Reinhard"]
[Result "1/2-1/2"]
[WhiteElo "1659"]
[BlackElo "1725"]
[PlyCount "101"]
[EventDate "2007.10.22"]
[EventType "swiss"]
[EventRounds "9"]
[EventCountry "GER"]
[SourceTitle "EXT 2008"]
[Source "ChessBase"]
[SourceDate "2007.11.25"]
[SourceVersion "1"]
[SourceVersionDate "2007.11.25"]
[SourceQuality "1"]

1. d4 Nf6 2. c4 e6 3. Nc3 Bb4 4. Qc2 d5 5. cxd5 exd5 6. Bg5 0-0 7. a3 Bxc3+ 8. bxc3 h6 9. Bxf6 Qxf6 10. e3 b6 11. Nf3 c5 12. Be2 Bf5 13. Bd3 Bxd3 14. Qxd3 Nc6 15. 0-0 c4 16. Qb1 Rfe8 17. Nd2 Qe6 18. Qc2 Rad8 19. Rae1 f5 20. f3 b5 21. e4 fxe4 22. fxe4 Qg6 23. Qb1 a6 24. exd5 Qg5 25. Nf3 Qxd5 26. Qg6 Qd7 27. h3 a5 28. Qh5 b4 29. d5 Rxe1 30. Rxe1 Qxd5 31. Qxd5+ Rxd5 32. axb4 axb4 33. cxb4 Nxb4 34. Rc1 Rc5 35. Rc3 Nd5 36. Rc1 c3 37. Ne1 Kf7 38. Kf2 Kf6 39. g3 h5 40. Ke2 Ke5 41. Nd3+ Kd4 42. Nxc5 Kxc5 43. Kf3 Kc4 44. Ke4 Nb4 45. Kf5 Nd3 46. Rc2 Nb4 47. Rc1 Nd3 48. Rxc3+ Kxc3 49. Kg6 Nf2 50. Kxh5 Nxh3 51. Kg6 1/2-1/2

[Event "Chiemgau Seniors Cup 3th"]
[Site "Bergen"]
[Date "2007.10.24"]
[Round "3"]
[White "Frithjof, Ewald"]
[Black "Dinser, Hans"]
[Result "1/2-1/2"]
[WhiteElo "1248"]
[BlackElo "1659"]
[PlyCount "85"]
[EventDate "2007.10.22"]
[EventType "swiss"]
[EventRounds "9"]
[EventCountry "GER"]
[SourceTitle "EXT 2008"]
[Source "ChessBase"]
[SourceDate "2007.11.25"]
[SourceVersion "1"]
[SourceVersionDate "2007.11.25"]
[SourceQuality "1"]

1. e4 c5 2. Nc3 Nc6 3. Bc4 e6 4. a3 a6 5. Nf3 d6 6. d3 Be7 7. Be3 Nf6 8. h3 Nd7 9. 0-0 0-0 10. Qd2 Nde5 11. Nxe5 Nxe5 12. Ba2 b5 13. Ne2 Ng6 14. b4 Bb7 15. Ng3 cxb4 16. axb4 d5 17. f3 d4 18. Bf2 Rc8 19. Nh5 e5 20. f4 exf4 21. Nxf4 Nxf4 22. Qxf4 Bg5 23. Qg3 Rxc2 24. Qf3 Rxf2 25. Rxf2 Be3 26. Raf1 Qe7 27. Kh1 Bxf2 28. Qxf2 Bc8 29. Qxd4 Be6 30. Qe5 Qd7 31. Rf2 Bxa2 32. Rxa2 Qxd3 33. Rxa6 Qb1+ 34. Kh2 Qxb4 35. Rb6 h5 36. Rxb5 Qa4 37. Rb8 g6 38. Rxf8+ Kxf8 39. Qb8+ Kg7 40. Qe5+ Kh7 41. Qe7 Qc4 42. Kg1 Qd4+ 43. Kh2 1/2-1/2

[Event "Chiemgau Seniors Cup 3th"]
[Site "Bergen"]
[Date "2007.10.22"]
[Round "1"]
[White "Boeven, Manfred"]
[Black "Dinser, Hans"]
[Result "1/2-1/2"]
[WhiteElo "2005"]
[BlackElo "1659"]
[PlyCount "39"]
[EventDate "2007.10.22"]
[EventType "swiss"]
[EventRounds "9"]
[EventCountry "GER"]
[SourceTitle "EXT 2008"]
[Source "ChessBase"]
[SourceDate "2007.11.25"]
[SourceVersion "1"]
[SourceVersionDate "2007.11.25"]
[SourceQuality "1"]

1. d4 d5 2. Nc3 Bf5 3. f3 Nc6 4. e4 dxe4 5. fxe4 Bg6 6. Nf3 e6 7. Be3 Bb4 8. Bd3 Nf6 9. e5 Nd5 10. Bd2 Nxd4 11. 0-0 Nxf3+ 12. Qxf3 Bc5+ 13. Kh1 0-0 14. Bxg6 fxg6 15. Qg4 Qd7 16. Ne4 Be3 17. Qe2 Bxd2 18. Qxd2 Qb5 19. Nf2 Rf4 20. Nd3 1/2-1/2

[Event "RLP-ch Seniors 26th"]
[Site "Ludwigshafen"]
[Date "2007.07.21"]
[Round "7"]
[White "Finzer, Lothar"]
[Black "Dinser, Hans"]
[Result "1-0"]
[WhiteElo "1751"]
[BlackElo "1910"]
[PlyCount "71"]
[EventDate "2007.07.15"]
[EventType "swiss"]
[EventRounds "7"]
[EventCountry "GER"]
[SourceTitle "EXT 2009"]
[Source "ChessBase"]
[SourceDate "2008.11.26"]
[SourceVersion "1"]
[SourceVersionDate "2008.11.26"]
[SourceQuality "1"]

1. d4 d5 2. c4 Bf5 3. Nc3 e6 4. e3 Nf6 5. Nf3 Nbd7 6. h3 h6 7. Qb3 dxc4 8. Bxc4 Nb6 9. Be2 c6 10. 0-0 Bd6 11. Bd2 Qb8 12. Rae1 0-0 13. Bd1 Ne4 14. Bc1 Nd7 15. Nxe4 Bxe4 16. Nd2 Nf6 17. Nxe4 Nxe4 18. Bc2 Nf6 19. f4 Nh5 20. g4 Nf6 21. e4 Nh7 22. e5 Be7 23. Qd3 g6 24. f5 Kh8 25. Bxh6 Rg8 26. fxe6 fxe6 27. Rf7 Qd8 28. Bg7+ Rxg7 29. Rxg7 Ng5 30. Rxg6 Nf3+ 31. Qxf3 Qxd4+ 32. Qe3 Qxe3+ 33. Rxe3 Bc5 34. Kf2 Rd8 35. Ke2 Bxe3 36. Kxe3 1-0

[Event "RLP-ch Seniors 26th"]
[Site "Ludwigshafen"]
[Date "2007.07.15"]
[Round "1"]
[White "Dinser, Hans"]
[Black "Eisen, Peter"]
[Result "1/2-1/2"]
[WhiteElo "1910"]
[BlackElo "1395"]
[PlyCount "92"]
[EventDate "2007.07.15"]
[EventType "swiss"]
[EventRounds "7"]
[EventCountry "GER"]
[SourceTitle "EXT 2009"]
[Source "ChessBase"]
[SourceDate "2008.11.26"]
[SourceVersion "1"]
[SourceVersionDate "2008.11.26"]
[SourceQuality "1"]

1. d4 d5 2. c4 e6 3. Nc3 Nf6 4. Bg5 Be7 5. Nf3 0-0 6. e3 Nbd7 7. Qc2 h6 8. Bh4 Re8 9. cxd5 Nxd5 10. Bg3 N7f6 11. a3 c6 12. Bd3 Nh5 13. Ne5 f5 14. Ng6 Nxg3 15. hxg3 Bd6 16. Nxd5 cxd5 17. Qe2 Qa5+ 18. Kf1 Bd7 19. f4 Rec8 20. Kf2 Be8 21. Ne5 Qd8 22. Nf3 Rc7 23. Rac1 Rxc1 24. Rxc1 Rc8 25. Rxc8 Qxc8 26. Qc2 Qd8 27. Nh2 Bh5 28. Be2 Bxe2 29. Qxe2 Qc8 30. g4 fxg4 31. Nxg4 Qf8 32. g3 Qc8 33. Kg2 a6 34. Nf2 b5 35. Nd3 Qc4 36. Qd2 Qc7 37. b4 Qc8 38. Nc5 Kf7 39. Qd3 g6 40. e4 dxe4 41. Nxe4 Qc6 42. Kh2 Be7 43. Nc5 Bf6 44. Ne4 Be7 45. Nc5 Bf6 46. Ne4 Be7 1/2-1/2

[Event "Liechtenstein Seniors op 07th"]
[Site "Triesen"]
[Date "2007.05.15"]
[Round "5"]
[White "Thonig, Manfred"]
[Black "Dinser, Hans"]
[Result "0-1"]
[WhiteElo "1739"]
[BlackElo "1914"]
[PlyCount "98"]
[EventDate "2007.05.11"]
[EventType "swiss"]
[EventRounds "9"]
[EventCountry "LIE"]
[SourceTitle "EXT 2010"]
[Source "ChessBase"]
[SourceDate "2010.11.25"]
[SourceVersion "1"]
[SourceVersionDate "2010.11.25"]
[SourceQuality "1"]

1. d4 d5 2. f4 Nf6 3. e3 c6 4. Nf3 Bg4 5. Nbd2 Ne4 6. Be2 e6 7. 0-0 Nd7 8. c4 Ndf6 9. c5 Nxd2 10. Bxd2 Ne4 11. Ne5 Bxe2 12. Qxe2 Nxd2 13. Qxd2 f6 14. Ng4 h5 15. Nf2 f5 16. Nd3 Be7 17. Ne5 Bf6 18. Nf3 g6 19. Qe1 h4 20. h3 Qe7 21. Qa5 0-0 22. Qe1 Kg7 23. Kh1 Rh8 24. b4 a6 25. a4 Qc7 26. a5 Rh5 27. Rg1 Rah8 28. Ra2 g5 29. Re2 g4 30. hxg4 fxg4 31. Nh2 g3 32. Nf3 Kf8 33. Ne5 Qg7 34. Qb1 R8h6 35. Qd3 h3 36. Nxc6 hxg2+ 37. Kxg2 Rh2+ 38. Kf1 Qg4 39. Ne5 Bxe5 40. dxe5 Qf3+ 41. Ke1 Rh1 42. Rxh1 Rxh1+ 43. Kd2 Qf1 44. Qc2 g2 45. c6 bxc6 46. Qc5+ Kg8 47. Kd3 Qxe2+ 48. Kxe2 g1Q 49. Qd6 Qd1+ 0-1

[Event "Baden-ch Seniors"]
[Site "Oberwinden"]
[Date "2007.04.13"]
[Round "8"]
[White "Dinser, Hans"]
[Black "Grueneschild, Hildegard"]
[Result "1-0"]
[WhiteElo "1910"]
[BlackElo "1383"]
[PlyCount "176"]
[EventDate "2007.04.06"]
[EventType "swiss"]
[EventRounds "9"]
[EventCountry "GER"]
[SourceTitle "CBM 117 Extra"]
[Source "ChessBase"]
[SourceDate "2007.05.09"]
[SourceVersion "1"]
[SourceVersionDate "2007.05.09"]
[SourceQuality "1"]

1. d4 Nf6 2. c4 g6 3. Nc3 Bg7 4. e4 d6 5. Bd3 0-0 6. Nge2 e5 7. d5 c5 8. 0-0 Nh5 9. f3 a6 10. Be3 Re8 11. Ng3 Nxg3 12. hxg3 Nd7 13. g4 f6 14. Qd2 g5 15. g3 Nf8 16. Kg2 Ng6 17. Rh1 Qe7 18. b3 Bd7 19. a4 Rab8 20. Qc2 Rf8 21. Rhb1 Qd8 22. b4 b6 23. b5 a5 24. Rh1 Rf7 25. Ne2 Qe7 26. Rh2 Bf8 27. Qd2 Rg7 28. Rah1 Rb7 29. Ng1 Qf7 30. Kf2 Be7 31. Ke1 Bc8 32. Be2 Bd8 33. Rf2 Qe8 34. Rfh2 Rgf7 35. Nh3 Qe7 36. Nf2 Qf8 37. f4 exf4 38. gxf4 gxf4 39. Bxf4 Qe7 40. Rh5 Nxf4 41. Qxf4 Rg7 42. Nd3 Qf8 43. Nf2 Rbf7 44. R1h2 Rg5 45. Nd3 Rfg7 46. Rxg5 Rxg5 47. Rh5 Rxh5 48. gxh5 f5 49. e5 Qg7 50. e6 Qg1+ 51. Qf1 Qg3+ 52. Qf2 Qh3 53. Qg1+ Kf8 54. Kd1 Bf6 55. Qf1 Qxf1+ 56. Bxf1 Bg5 57. Ke2 Ke7 58. Kf3 Kf6 59. Bh3 h6 60. Ke2 Bb7 61. Kf3 Bc8 62. Bf1 Bb7 63. Nf4 Bc8 64. Ng6 Bc1 65. Bd3 Bg5 66. Bc2 Bc1 67. Nh4 Bg5 68. Nxf5 Bxe6 69. dxe6 Kxe6 70. Ke4 Bd2 71. Bd3 Bc1 72. Ng7+ Ke7 73. Kd5 Bf4 74. Bg6 Kd7 75. Nf5 Kc7 76. Ke6 Kb8 77. Nxd6 Kc7 78. Ne8+ Kd8 79. Kd5 Kd7 80. Nf6+ Kc7 81. Bf5 Bg5 82. Ne8+ Kd8 83. Nd6 Kc7 84. Ne4 Be3 85. Nf6 Bg5 86. Ne8+ Kd8 87. Bg6 Kc8 88. Ke6 Be3 1-0

[Event "Baden-ch Seniors"]
[Site "Oberwinden"]
[Date "2007.04.12"]
[Round "7"]
[White "Kollek, Hansjochen"]
[Black "Dinser, Hans"]
[Result "1/2-1/2"]
[WhiteElo "1452"]
[BlackElo "1910"]
[PlyCount "122"]
[EventDate "2007.04.06"]
[EventType "swiss"]
[EventRounds "9"]
[EventCountry "GER"]
[SourceTitle "CBM 117 Extra"]
[Source "ChessBase"]
[SourceDate "2007.05.09"]
[SourceVersion "1"]
[SourceVersionDate "2007.05.09"]
[SourceQuality "1"]

1. c4 e5 2. g3 Nc6 3. Bg2 f5 4. a3 Nf6 5. Nc3 a5 6. d3 Be7 7. e3 0-0 8. Nge2 d6 9. 0-0 Be6 10. Rb1 Rb8 11. b3 d5 12. cxd5 Nxd5 13. Nxd5 Bxd5 14. e4 fxe4 15. dxe4 Be6 16. Qc2 Qe8 17. Qc3 Bd6 18. b4 axb4 19. axb4 Ne7 20. Be3 b6 21. f4 Qb5 22. Rf2 Kh8 23. Rb2 Ra8 24. Bf1 Ra1 25. Kg2 Qc6 26. Qxc6 Nxc6 27. Nc3 g6 28. b5 Ne7 29. Bd3 Kg7 30. h3 Ra3 31. Bd2 Rfa8 32. Bc2 Bc5 33. Rf3 Rd8 34. Nb1 Rxf3 35. Kxf3 Ra8 36. fxe5 Bd4 37. Bc3 Rf8+ 38. Ke2 Rf2+ 39. Kd3 Bc5 40. Bd1 Rxb2 41. Bxb2 Bxh3 42. Nd2 Be6 43. Bb3 Kf7 44. g4 g5 45. Bxe6+ Kxe6 46. Nf1 Ng6 47. Ne3 Nxe5+ 48. Bxe5 Kxe5 49. Nd5 Bd6 50. Ke3 h6 51. Kd3 Ke6 52. Ne3 Ke5 53. Nd5 Ke6 54. Ne3 Bf8 55. Nd5 Kd6 56. Kc4 Bg7 57. Ne3 Ke5 58. Kd3 Kf4 59. Nf5 Bf8 60. Ne3 Bd6 61. Nf5 Kxg4 1/2-1/2

[Event "Baden-ch Seniors"]
[Site "Oberwinden"]
[Date "2007.04.09"]
[Round "4"]
[White "Eisen, Peter"]
[Black "Dinser, Hans"]
[Result "1/2-1/2"]
[WhiteElo "1308"]
[BlackElo "1910"]
[PlyCount "45"]
[EventDate "2007.04.06"]
[EventType "swiss"]
[EventRounds "9"]
[EventCountry "GER"]
[SourceTitle "CBM 117 Extra"]
[Source "ChessBase"]
[SourceDate "2007.05.09"]
[SourceVersion "1"]
[SourceVersionDate "2007.05.09"]
[SourceQuality "1"]

1. d4 e5 2. dxe5 Nc6 3. e4 Nxe5 4. Nf3 Nxf3+ 5. Qxf3 d6 6. Bc4 Nf6 7. 0-0 Be7 8. Nd2 0-0 9. Re1 Nd7 10. Qe2 Ne5 11. h3 Nxc4 12. Nxc4 Be6 13. Ne3 Bg5 14. Nd5 Bxc1 15. Raxc1 f6 16. Rcd1 Rf7 17. Nf4 Qc8 18. Nxe6 Qxe6 19. a3 a6 20. b3 Re7 21. Rd2 Rae8 22. Kf1 Qe5 23. g3 1/2-1/2

[Event "Baden-ch Seniors"]
[Site "Oberwinden"]
[Date "2007.04.06"]
[Round "1"]
[White "Dinser, Hans"]
[Black "Mueller, Rudolf"]
[Result "0-1"]
[WhiteElo "1910"]
[BlackElo "2209"]
[PlyCount "78"]
[EventDate "2007.04.06"]
[EventType "swiss"]
[EventRounds "9"]
[EventCountry "GER"]
[SourceTitle "CBM 117 Extra"]
[Source "ChessBase"]
[SourceDate "2007.05.09"]
[SourceVersion "1"]
[SourceVersionDate "2007.05.09"]
[SourceQuality "1"]

1. d4 Nf6 2. c4 e6 3. Nc3 b6 4. e4 Bb7 5. Bd3 Bb4 6. Bg5 h6 7. Bxf6 Qxf6 8. Nf3 c5 9. e5 Qf4 10. 0-0 Bxf3 11. Qxf3 Qxf3 12. gxf3 Nc6 13. Nb5 Ke7 14. a3 Bd2 15. Be4 a6 16. Nc3 cxd4 17. Ne2 d3 18. Bxd3 Nxe5 19. Be4 Rac8 20. b3 Rc7 21. f4 f5 22. Bg2 Ng6 23. Rad1 Bxf4 24. Rfe1 Be5 25. Bf1 Nh4 26. Rd3 g5 27. Ng3 Bd6 28. Red1 Bxa3 29. Ra1 Bc5 30. Rxa6 g4 31. Nh5 Nf3+ 32. Kh1 Bxf2 33. Nf4 Rg8 34. Bg2 Ne5 35. Rd2 Be3 36. Nd5+ exd5 37. Rxd5 d6 38. Bf1 g3 39. hxg3 Rxg3 0-1

[Event "Bad Woerishofen Seniors opA 23rd"]
[Site "Bad Woerishofen"]
[Date "2007.03.14"]
[Round "7"]
[White "Braeu, Ludwig"]
[Black "Dinser, Hans"]
[Result "1-0"]
[WhiteElo "1767"]
[BlackElo "1705"]
[PlyCount "62"]
[EventDate "2007.03.08"]
[EventType "swiss"]
[EventRounds "9"]
[EventCountry "GER"]
[SourceTitle "EXT 2022"]
[Source "ChessBase"]
[SourceDate "2021.10.06"]
[SourceVersion "1"]
[SourceVersionDate "2021.10.06"]
[SourceQuality "1"]

1. c4 f5 2. Nf3 Nf6 3. g3 b6 4. Bg2 Bb7 5. 0-0 e6 6. Nc3 Be7 7. d3 0-0 8. Re1 d6 9. e4 fxe4 10. dxe4 e5 11. Ng5 Bc8 12. Nd5 c6 13. Nxe7+ Qxe7 14. Qc2 h6 15. Nf3 c5 16. Nh4 Qf7 17. Nf5 Rd8 18. Bxh6 Bxf5 19. exf5 e4 20. Bg5 Nbd7 21. Rxe4 Rab8 22. Re6 Qh5 23. h4 Re8 24. Rd1 Nf8 25. Rexd6 Re2 26. Qd3 Rbe8 27. Bxf6 Re1+ 28. Rxe1 Rxe1+ 29. Kh2 gxf6 30. Bf3 Qh6 31. Qc3 Re5 1-0

[Event "Wch Seniors 16th"]
[Site "Arvier"]
[Date "2006.09.12"]
[Round "2"]
[White "Dinser, Hans"]
[Black "Zhelesny, Stanislav"]
[Result "1/2-1/2"]
[WhiteElo "1941"]
[BlackElo "2235"]
[PlyCount "43"]
[EventDate "2006.09.11"]
[EventType "swiss"]
[EventRounds "11"]
[EventCountry "ITA"]
[SourceTitle "CBM 114 Extra"]
[Source "ChessBase"]
[SourceDate "2006.11.03"]
[SourceVersion "1"]
[SourceVersionDate "2006.11.03"]
[SourceQuality "1"]

1. d4 Nf6 2. c4 g6 3. Nc3 d5 4. Nf3 Bg7 5. Bf4 c6 6. a4 0-0 7. Rc1 Na6 8. cxd5 Nxd5 9. Bd2 c5 10. e4 Nxc3 11. Bxc3 cxd4 12. Nxd4 Nc5 13. f3 Bxd4 14. Bxd4 Nb3 15. Qxb3 Qxd4 16. Rd1 Qc5 17. Qb5 Qe3+ 18. Be2 a6 19. Qd3 Qb6 20. Qa3 Be6 21. a5 Qb3 22. Qxb3 1/2-1/2

[Event "Bad Woerishofen Seniors opA 22th"]
[Site "Bad Woerishofen"]
[Date "2006.03.25"]
[Round "9"]
[White "Dinser, Hans"]
[Black "Hoenig, Josef"]
[Result "1/2-1/2"]
[WhiteElo "1705"]
[BlackElo "1620"]
[PlyCount "48"]
[EventDate "2006.03.17"]
[EventType "swiss"]
[EventRounds "9"]
[EventCountry "GER"]
[SourceTitle "EXT 2022"]
[Source "ChessBase"]
[SourceDate "2021.10.06"]
[SourceVersion "1"]
[SourceVersionDate "2021.10.06"]
[SourceQuality "1"]

1. d4 e6 2. c4 Bb4+ 3. Nc3 Ne7 4. a3 Bxc3+ 5. bxc3 0-0 6. e4 d5 7. cxd5 exd5 8. e5 h6 9. Bd3 Bf5 10. Ne2 b6 11. Ng3 Bxd3 12. Qxd3 Qd7 13. 0-0 Qg4 14. f4 f5 15. Rf3 Qg6 16. Bd2 Nbc6 17. Ne2 a5 18. a4 Kh8 19. Rg3 Qe6 20. h4 Ng6 21. h5 Nge7 22. Kf2 Rg8 23. Rh1 Ra7 24. Ng1 Nd8 1/2-1/2

[Event "Kurpfalz Seniors op 11th"]
[Site "Ludwigshafen"]
[Date "2005.09.18"]
[Round "1"]
[White "Dinser, Hans"]
[Black "Geisert, Bernd"]
[Result "1-0"]
[WhiteElo "1764"]
[BlackElo "1504"]
[PlyCount "83"]
[EventDate "2005.09.18"]
[EventType "swiss"]
[EventRounds "7"]
[EventCountry "GER"]
[SourceTitle "EXT 2007"]
[Source "ChessBase"]
[SourceDate "2006.11.23"]
[SourceVersion "1"]
[SourceVersionDate "2006.11.23"]
[SourceQuality "1"]

1. d4 d5 2. c4 e6 3. Nc3 Nf6 4. Bg5 Nbd7 5. cxd5 exd5 6. Nf3 c6 7. e3 Bd6 8. Bd3 0-0 9. Qc2 Qc7 10. h3 h6 11. Bxf6 Nxf6 12. 0-0 Bd7 13. Rac1 Rac8 14. e4 dxe4 15. Bxe4 Rfe8 16. Bf5 Bxf5 17. Qxf5 Qd7 18. Qc2 Bf4 19. Rce1 Rxe1 20. Rxe1 Bc7 21. Ne4 Qf5 22. Nxf6+ Qxf6 23. Re4 Rf8 24. Qe2 Bb6 25. g3 g6 26. Kg2 Kg7 27. h4 Rd8 28. Qc4 Rd5 29. Rf4 Qe6 30. Ne5 f6 31. Ng4 Bc7 32. Rxf6 Qxg4 33. Rf3 Qxd4 34. Qe2 Re5 35. Qc2 Qe4 36. Qd2 Rd5 37. Qc3+ Be5 38. Qa3 Bd6 39. Qxa7 Rf5 40. Qxb7+ Rf7 41. Qxf7+ Kh8 42. Qf6+ 1-0

[Event "Bad Woerishofen Seniors op 21st"]
[Site "Bad Woerishofen"]
[Date "2005.03.08"]
[Round "6"]
[White "Nietsch, Horst"]
[Black "Dinser, Hans"]
[Result "0-1"]
[WhiteElo "1905"]
[BlackElo "1875"]
[PlyCount "60"]
[EventDate "2005.03.03"]
[EventType "swiss"]
[EventRounds "9"]
[EventCountry "GER"]
[SourceTitle "EXT 2006"]
[Source "ChessBase"]
[SourceDate "2005.11.24"]
[SourceVersion "1"]
[SourceVersionDate "2005.11.24"]
[SourceQuality "1"]

1. e4 c5 2. Nf3 Nc6 3. d4 cxd4 4. Nxd4 Nf6 5. Nc3 e5 6. Nb3 a6 7. Bd3 d5 8. Bg5 d4 9. Nd5 h6 10. Bxf6 gxf6 11. Qf3 Be7 12. 0-0-0 Nb4 13. Nxb4 Bxb4 14. h3 Be6 15. Kb1 Kf8 16. Qe2 Rc8 17. f4 Bxb3 18. cxb3 exf4 19. Qg4 Bd6 20. Rc1 Ke7 21. Bc4 h5 22. Qh4 Be5 23. Bd5 Rxc1+ 24. Rxc1 Qd7 25. Qf2 Rg8 26. Qe2 d3 27. Qd2 Rg3 28. Ka1 h4 29. Rb1 Qb5 30. Qd1 Qa5 0-1

[Event "Staufer Seniors op 11th"]
[Site "Schwaebisch Gmuend"]
[Date "2005.01.06"]
[Round "6"]
[White "Oehlmann, Dieter"]
[Black "Dinser, Hans"]
[Result "1-0"]
[WhiteElo "2054"]
[BlackElo "1979"]
[PlyCount "125"]
[EventDate "2005.01.02"]
[EventType "swiss"]
[EventRounds "9"]
[EventCountry "GER"]
[SourceTitle "EXT 2007"]
[Source "ChessBase"]
[SourceDate "2006.11.23"]
[SourceVersion "1"]
[SourceVersionDate "2006.11.23"]
[SourceQuality "1"]

1. e4 c5 2. c3 d5 3. exd5 Qxd5 4. Nf3 Bf5 5. Bb5+ Bd7 6. Bxd7+ Nxd7 7. 0-0 e5 8. d4 e4 9. Qe2 Be7 10. Ne5 Ngf6 11. Nxd7 Nxd7 12. c4 Qf5 13. Nc3 cxd4 14. Nxe4 0-0 15. Ng3 Qe6 16. Rd1 Bf6 17. Bf4 Rfe8 18. Qf1 Qb6 19. Rab1 a5 20. Ne2 Rad8 21. Nc1 Nc5 22. Nd3 g6 23. Nxc5 Qxc5 24. Qd3 Kg7 25. Kf1 h5 26. Re1 Re6 27. Rxe6 fxe6 28. f3 e5 29. Bg3 g5 30. h3 Rc8 31. Rc1 Rc7 32. Be1 b6 33. b3 Ra7 34. Rc2 h4 35. Ke2 Re7 36. Qe4 Rd7 37. Kd3 Rc7 38. Qg4 b5 39. Bxh4 bxc4+ 40. Rxc4 Qe7 41. Bxg5 Bxg5 42. Rxc7 Qxc7 43. Qxg5+ Kf7 44. Qd2 Kf6 45. Qc2 Qh7+ 46. Kd2 Qb7 47. Qc5 Qg7 48. Qc6+ Kf5 49. Qc8+ Kf6 50. Qa6+ Kf5 51. Qd3+ Ke6 52. Qe2 Kd6 53. Kc2 Qg6+ 54. Kb2 d3 55. Qd2 e4 56. fxe4 Qxe4 57. Kc3 Kc5 58. Qxd3 Qxg2 59. a4 Qg7+ 60. Kc2 Qg2+ 61. Kb1 Qg1+ 62. Kb2 Qf2+ 63. Qc2+ 1-0

[Event "Schwarzwald Seniors op 12th"]
[Site "Steinach"]
[Date "2004.05.13"]
[Round "8"]
[White "Dinser, Hans"]
[Black "Leutz, Hans"]
[Result "1/2-1/2"]
[WhiteElo "1774"]
[BlackElo "1783"]
[PlyCount "40"]
[EventDate "2004.03.29"]
[EventType "swiss"]
[EventRounds "9"]
[EventCountry "GER"]
[SourceTitle "EXT 2006"]
[Source "ChessBase"]
[SourceDate "2005.11.24"]
[SourceVersion "1"]
[SourceVersionDate "2005.11.24"]
[SourceQuality "1"]

1. d4 d5 2. c4 e6 3. Nc3 Nf6 4. cxd5 exd5 5. Bg5 c6 6. e3 Be7 7. Qc2 Nbd7 8. Bd3 0-0 9. Nge2 h6 10. Bh4 b6 11. 0-0 Bb7 12. Bxf6 Nxf6 13. Ng3 Re8 14. Rfe1 Rc8 15. Bf5 Rc7 16. Rad1 Bc8 17. a3 Bxf5 18. Nxf5 Qc8 19. Nxe7+ Rexe7 20. h3 Qd8 1/2-1/2